000 00228 a2200097 4500
001 29866
100 _aClifton
245 _aSystem analysis for Business data processing
260 _a
_bBusiness Books
_c
090 _c19863
_d19863
942 _aNUST-CAE
_cM
_c10961
999 _c264939
_d264939